| 000 | 00499nam a22001577a 4500 | ||
|---|---|---|---|
| 008 | 220308b ||||| |||| 00| 0 eng d | ||
| 020 | _a02598622211 | ||
| 050 |
_aBT590.P9 _bC7 1959 |
||
| 100 | _a Cramer, Raymond L., 1908- | ||
| 245 |
_aThe psychology of Jesus and mental health / _cRaymond L. Cramer. |
||
| 260 |
_aGrand Rapids, Mich. : _bZondervan, _c1959. |
||
| 300 |
_a257 pages ; _c21 cm |
||
| 500 | _a Bibliography: p. 255-257. | ||
| 600 |
_bJesus Christ _xPsychology. |
||
| 942 |
_2lcc _cBK |
||
| 999 |
_c57676 _d57676 |
||